000 00634nam a22002052 4500
001 0000019853
005 20151217152203.0
008 110222s xx 000 0 eng d
020 _a9966777016 :
040 _aKABU
_cKABU
100 1 _aWere, Maureen.
_@0000155894
245 1 3 _aAn evaluation of the KIPPRA :
_bTreasury macro model and Kenya's economy using historical simulations /
_cMaureen Were.
250 _a1st ed.
260 _aKIPPRA :
_bNairobi, Kenya,
_c2006.
300 _av, 37 p.
700 1 _aWere, Maureen.
_@0000155894
852 1 _9p
908 _a110222
950 _@1
999 _c9101
_d9101